Παράμετροι εξωτερικής πολιτικής
Saved in:
| Main Author: | |
|---|---|
| Format: | Book |
| Language: | Greek |
| Published: |
Αθήνα :
ΕΛΙΑΜΕΠ/Ι.Σιδέρης,
2001
|
| Series: | Κείμενα εργασίας ;
; 20 |
| Subjects: | |
| Tags: |
Add Tag
No Tags, Be the first to tag this record!
|
MARC
| LEADER | 00000cam a2200000 i 4500 | ||
|---|---|---|---|
| 001 | 1/65416 | ||
| 008 | 020515s2001 gre d | ||
| 020 | |a 960-08-0215-7 | ||
| 035 | |l 10001552 | ||
| 040 | |a GR-MY-UA |b gre |e aacr | ||
| 041 | 0 | |a gre | |
| 082 | 0 | |a 327.2 | |
| 100 | 1 | |a Θεοδωρόπουλος, Βύρων. | |
| 245 | 1 | 0 | |a Παράμετροι εξωτερικής πολιτικής / |c Βύρων Θεοδωρόπουλος |
| 260 | |a Αθήνα : |b ΕΛΙΑΜΕΠ/Ι.Σιδέρης, |c 2001 | ||
| 300 | |a 159 σ. | ||
| 490 | 1 | |a Κείμενα εργασίας |v ; 20 | |
| 650 | 0 | 0 | |a Diplomacy. |
| 650 | 0 | 0 | |a International relations. |
| 830 | 0 | |a Κείμενα εργασίας ; |v ; 20 | |
| 852 | |a INST |b RHODES |e 20020515 |h 327.1 ΘΕΟ |p 005400016513 |q 005400016513 |t BK |y 0 | ||
| 852 | |a INST |b RHODES |e 20041019 |h 327.1 ΘΕΟ |p 005400018375 |q 005400018375 |t BK |y 0 | ||
| 901 | |a BIBL4-2002-1 | ||
| 909 | |a Ρ |b 101048 | ||
| 909 | |a Ρ |b 110001 | ||
| 920 | |a ΔΙΕΥΡΥΝΣΗ |b ΕΠΕΑΕΚ ΙΙ-ΤΜΣ |y ΡΟΔΟΣ |z 2004-10 | ||
| 970 | |a ΚΟΥΛΑΚΙΟΤΗ |b ΛΙΤΣΑ |z 2002/05/15 | ||